Art of computer programming. V2- Seminumerical algorithms (Record no. 180241)

MARC details
000 -LEADER
fixed length control field 00437nam a2200157Ia 4500
008 - FIXED-LENGTH DATA ELEMENTS--GENERAL INFORMATION
fixed length control field 230917s9999||||xx |||||||||||||| ||und||
040 ## - CATALOGING SOURCE
-- 229058
Original cataloging agency VIVEKANANDA LIBRARY
041 ## - Language
-- English
082 ## - DDC NUMBER
Classification number 005.1 K786A(3)
100 ## - MAIN ENTRY--PERSONAL NAME
Personal name Knuth, Donald E Harrison
245 #0 - TITLE STATEMENT
Title Art of computer programming. V2- Seminumerical algorithms
250 ## - EDITION STATEMENT
Edition statement 3rd ed.
260 ## - PUBLICATION, DISTRIBUTION, ETC. (IMPRINT)
Place of publication, distribution, etc Noida
Name of publisher, distributor, etc Dorling Kindersley (India)
Date of publication, distribution, etc 2013
300 ## - PHYSICAL DESCRIPTION
Pages xiii, 762 p.
942 ## - ADDED ENTRY ELEMENTS (KOHA)
Koha item type Books
Holdings
Withdrawn status Lost status Damaged status Not for loan Location (home branch) Sublocation or collection (holding branch) Shelving location Date acquired Koha issues (times borrowed) Koha full call number Accession No. Koha date last seen Koha item type
        VIVEKANANDA LIBRARY VIVEKANANDA LIBRARY UIET Library 21/10/2015   005.1 K786A(3) 349287 17/09/2023 Books
        VIVEKANANDA LIBRARY VIVEKANANDA LIBRARY UIET Library 21/10/2015   005.1 K786A(3) 349288 17/09/2023 Books
        VIVEKANANDA LIBRARY VIVEKANANDA LIBRARY UIET Library 21/10/2015   005.1 K786A(3) 349289 17/09/2023 Books
        VIVEKANANDA LIBRARY VIVEKANANDA LIBRARY UIET Library 21/10/2015   005.1 K786A(3) 349290 17/09/2023 Books
        VIVEKANANDA LIBRARY VIVEKANANDA LIBRARY UIET Library 21/10/2015   005.1 K786A(3) 349291 17/09/2023 Books
© Designed and Maintained by Vivekananda Library, MDU Rohtak